01089 a2200205 4500003000500000005001700005020001500022040000900037082001200046100003000058245008900088250001700177260003300194300001000227505047400237650001800711942001400729999001900743952012100762Nust20230704120734.0 a8120321219 cNust a511,GOO aG.Goodaire, Edgar9113296 aDiscrete Mathematics :bwith Graph Theory /cEdgar G.Goodaire, Michael M. Parmenter  a2nd Edition  aPrentice Hall bIndia c2003 a545 p aYes , there are proofs (Page-1), Sets and Relations (Page-37), Functions (Page-71), The Integers (Page-97), Induction and Recursion (Page-149), Principles of Counting (Page-187), Permuatation and Combinations (Page-211), Algorithms (Page-239), Graphs (Page-277), Paths and Cicuits (Page-303), Applications of Paths and circuits (Page-337), Trees (Page-367), Depth First search and applications (Page-399), Planar Graphs and Coloring (Page-413), The Max Flow (Page-441). aGraph Theory  2ddccBKB  c217727d217727 00102ddc4070aMCSbMCScGENd2016-12-12o511,GOOpMCS30647r2016-12-08w2016-12-12yBKzAlmirah No.82, Shelf No.2